Statistiques concernant OL, OM ou les 2 - Joueurs

Cliquez ici pour prendre le quiz!

Statistiques générales

  • Ce quiz a été pris 169 fois
  • Le résultat moyen est 21 sur 30

Statistiques - réponses

HintRéponse% Correct
Didier DeschampsMarseille
93%
Valère GermainMarseille
91%
Djibril CisséMarseille
89%
Mathieu ValbuenaLes 2
88%
Hugo LlorisLyon
88%
Franck RibéryMarseille
88%
Fabien BarthezMarseille
88%
Grégory CoupetLyon
84%
Sydney GovouLyon
81%
Rémy VercoutreLyon
80%
Jérémy ToulalanLyon
79%
Kim KallstromLyon
79%
Hatem Ben ArfaLes 2
78%
Duje Ćaleta-CarLes 2
78%
Robert PirèsMarseille
76%
Bafetimbi GomisLes 2
75%
Habib BeyeMarseille
71%
Eric AbidalLyon
70%
Mathieu BodmerLyon
70%
Laurent BlancMarseille
67%
Florent MaloudaLyon
66%
Jérémy MorelLes 2
65%
Henri BedimoLes 2
57%
Benoit CheyrouMarseille
56%
Loïc RémyLes 2
54%
Peguy LuyindulaLes 2
40%
Sony AndersonLes 2
36%
Sylvain WiltordLes 2
29%
Jocelyn GourvennecMarseille
27%
Abedi PeléLes 2
13%

Distribution des résultats

Percentile par nombre de réponses

% des personnes avec chaque résultat

Votre développement - résultats

Vous n’avez pas pris ce quiz